00726nam a2200241 a 4500001001300000003000900013005001700022008003800039020002300077082001900100100002500119245003300144260003700177300000900214500003500223650001600258650001600274700002500290902000800315942000700323952013700330999001700467nice12345678IN_TiNIC20260116014924.0070424s1990 a grp 000 0 eng  a0195628179 c30000a704.94897bNAS aNasr, Seyyed Hossein aIslamic Art and Spirituality abOxford University Press c1990 a213p aincludes index and biblioraphy aArt-Islamic aIslamic-Art1 aNasr, Seyyed Hossein bSRS cBK 001040708StackRoom-aHMIbHMId2007-06-18g300.00l2m2o704.94897 NASp11000656r2018-02-03s2018-01-19v300.00w2007-04-24yBK c17559d17559